LEADER 01224nam a2200277 a 4500 001 000000120738 003 CaOOAMICUS 005 20100315162150.0 008 100315s2008 it u000 u ita r 040 $aPUL$bita$dReb 100 1 $aCasavola, Francesco Paolo.$0(OLS)http://pul/name/28414 245 12$aI diritti fondamentali della persona tra diritto e bioetica /$cFrancesco Paolo Casavola. 260 $a[S. l. :$bs. n.],$c[2008] 300 $a35 p. ;$c21 cm. 490 1 $aDue culture$aQuaderni di biogem ;$v01 504 $aBibliografia in fine. 650 4$aBioetica$xDiritto$xConferenze.$0(OLS)http://pul/subject/36567 650 4$aBiotecnologia.$0(OLS)http://pul/subject/26534 650 4$aDiritti umani.$0(OLS)http://pul/subject/3219 830 0$aDue culture$pQuaderni di biogem ;$v01.$0(OLS)http://pul/title/151841 850 $aPUL 852 $aPUL$W1$xDP2 Filosofia 3$y112$m174 BIOGEM 1.1$j138383$qDDC 21$q $B137607$CPULBib$Z2$F137607 $H113081 $81 941 1 $a9 960 $aDiritti dell'uomo$93219 996 $6245$aI diritti fondamentali della persona tra diritto e bioetica$9(OLS)http://pul/title/151840 996 $6260$a[S. l. :$bs. n.]$9(OLS)http://pul/publisher/47882 LEADER 01288nam a2200313 a 4500 001 000000131551 003 CaOOAMICUS 005 20121122125045.0 008 121122s1991 it u000 u ita r 020 $a88-8663-100-6 040 $aPUL$bita 041 1 $aita$hger 100 1 $aBuber, Martin,$d1878-1965.$0(OLS)http://pul/name/5557 245 12$aL'io e il tu /$cMartin Buber. 260 $aPavia :$bIRSeF,$c1991. 300 $a112 p. ;$c21 cm. 490 1 $aSaggi antropologici 500 $aTratto dalla rivista trimestrale Problemi di sessualitą e feconditą umana. 650 4$aIo (filosofia).$0(OLS)http://pul/subject/37378 830 0$aSaggi antropologici.$0(OLS)http://pul/title/166185 850 $aPUL 852 $aPUL$W1$xDP1 Fondo Bordoni$y120$m4 A 38$j115100$qFondi$B176793$CPULBib$Z2$F176793 $HBor1791 $81 852 $aPUL$W1$xDP1 Fondo E. Rossi$y115$m1 B 156$j151817$qFondi$q $B150767$CPULBib$Z2$F150767 $Hnull $81 941 1 $a1 961 $aSul dorso collocazione ms. di E. Rossi: B 94 1 996 $6020$a88-8663-100-6$9(OLS)http://pul/number/151148 996 $6245$aL'io e il tu$9(OLS)http://pul/title/166184 996 $6260$aPavia :$bIRSeF$9(OLS)http://pul/publisher/82178 LEADER 01303nam a2200265 a 4500 001 000000159890 003 CaOOAMICUS 005 20170404122151.0 008 170404s1965 au m 001 u ger r 032 $aLibriCat 040 $aPUL$bita 100 1 $aSirovic, Franz,$csac.$0(OLS)http://pul/name/102279 245 14$aDer Begriff "Affectus" und die Willenslehre beim hl. Bonaventura :$beine analytisch-synthetische Untersuchung /$cvon P. Franz Sirovic SVD. 260 $aWien :$b[s.n.],$c1965. 300 $a120 p. ;$c23 cm. 502 $aTesi -- Pontificia Universitas Gregoriana. Facultas philosophica. 1965. 504 $aBibliografia in nota. 600 04$aBonaventura,$cs., card.,$dc. 1217-1274$xCritica e interpretazione.$0(OLS)http://pul/subject/3153 710 2 $aPontificia Universitą Gregoriana.$bFacoltą di filosofia.$kTesi.$0(OLS)http://pul/name/82053 850 $aPUL 852 $aPUL$W1$xDP1 Tesi Pon. Univ. Gregoriana$y40$mTH PUG 1607$j183473$qTesi$B186679$CPULBib$Z2$F186679 $H25743 $82 941 1 $a16 996 $6245$aDer Begriff "Affectus" und die Willenslehre beim hl. Bonaventura :$beine analytisch-synthetische Untersuchung$9(OLS)http://pul/title/199519 996 $6260$aWien :$b[s.n.]$9(OLS)http://pul/publisher/60617 LEADER 01281nam a2200313 a 4500 001 000000172659 003 CaOOAMICUS 005 20190912170354.0 008 190912s2019 it u000 u ita r 020 $a978-88-315-5099-4* 032 $aLibriCat 040 $aPUL$bita 082 04$a282.082 100 1 $aCaligiani, Sabina.$0(OLS)http://pul/name/90011 245 13$aLa voce delle donne : $bpluralitą e differenza nel cuore della Chiesa / $cSabina Caligiani. 260 $aMilano :$bPaoline,$c©2019. 300 $a221 p. ;$c22 cm 490 1 $aSaggistica Paoline ;$v85 504 $aBibliografia : p.219-221. 650 4$aDonna e Chiesa.$0(OLS)http://pul/subject/44116 830 0$aSaggistica Paoline ;$v85.$0(OLS)http://pul/title/77991 850 $aPUL 852 $aPUL$W1$xSL Religione 3$y85$m282. 082 CALSA 1$j196603$qDDC 21$B201374$CPULBib$Z2$F201374 $H133465 $82 941 1 $a9 996 $6020$a978-88-315-5099-4*$9(OLS)http://pul/number/166719 996 $6082$a282.082$9(OLS)http://pul/classification/2275 996 $6245$aLa voce delle donne : $bpluralitą e differenza nel cuore della Chiesa / $9(OLS)http://pul/title/213637 996 $6260$aMilano :$bPaoline$9(OLS)http://pul/publisher/60808